| 000 | 00749nam a2200265 a 4500 | ||
|---|---|---|---|
| 008 | |||
| 020 | _a0534578160 (pbk.) | ||
| 049 | _aMAIN | ||
| 090 |
_aGN59.8 _bESS |
||
| 245 | 1 | 0 |
_aEssentials of physical antropology / _cRobert Jurmain.[ et al]... |
| 250 | _a4th ed. | ||
| 260 |
_aAustralia : _bWadsworth, _c2001. |
||
| 300 |
_axxii, 441 p. : _bill. ; _c26 cm. |
||
| 504 | _aIncludes bibliographical references. | ||
| 500 | _aIncludes index. | ||
| 650 | _aAntropology. | ||
| 700 | _aTrevathan, Wenda. | ||
| 700 | _aKilore, Lynn. | ||
| 700 | _aNelson, Harry. | ||
| 907 |
_a.b10343854 _b25-06-14 _c25-06-14 |
||
| 003 | |||
| 005 | 20230123122056.0 | ||
| 040 | _cNUST | ||
| 942 |
_cBOOKS _kGN59.8 _mESS |
||
| 999 |
_c127381 _d127381 |
||